000 00545nam a2200181 a 4500
005 20240420064022.0
008 070226s2003 mx r 000 0 spa d
020 _a8427125682
035 _aUPN01000149532
049 _aCG
050 4 _aLB2838
_bA4.2
245 0 0 _aÁmbitos y criterios de la calidad pedagógica /
_cAurelio Villa Sánchez ... [et al.].
260 _aBilbao, Esp. :
_bMensajero,
_c2003.
300 _a180 p.
650 4 _aCalidad de la educación
_94684
700 1 _aVilla Sánchez, Aurelio
_ecoaut.
_929626
905 _aLibro
999 _c121673
_d121673